Steven Universe - It's Over Isn't It - Lyrics Quiz - Statistics

General Stats
  • This quiz has been taken 150 times
  • The average score is 180 of 197
Answer Stats
Character Lyrics % Correct
| Pearl I
100%
it
99%
it?
99%
isn't
97%
Isn't
97%
Over
97%
over,
97%
over?
97%
you.
97%
you
97%
You
97%
you,
97%
and
96%
And
96%
It's
96%
it's
96%
on?
95%
move
94%
was
94%
Who
94%
who
94%
with
94%
can't
93%
fine
93%
gone.
93%
gone!
93%
her
93%
her,
93%
her?
93%
loved
93%
the
93%
in
92%
men
92%
she
92%
to
92%
Why
92%
life
91%
she's
91%
again.
90%
matter
90%
matter,
90%
never
90%
That
90%
knew
89%
now
89%
Now
89%
come
88%
lose.
88%
all
87%
chose
87%
game
87%
into
87%
really
87%
silly
87%
thought
87%
until
87%
won,
87%
would
87%
am
86%
'cause
86%
didn't
86%
some
86%
son.
86%
we
86%
be
85%
came
85%
choose.
85%
fought
85%
glory,
85%
I'd
85%
like
85%
this
85%
War
85%
when
85%
After
83%
for
83%
reinvention
83%
she'd
83%
there
83%
they
83%
without
83%
world
83%
attention,
82%
Fusion,
82%
freedom,
81%
got
81%
my
81%
daylight,
80%
Out
80%
years,
80%
does
79%
doubt
79%
experimental,
79%
those
79%
already
78%
done.
78%
nerve
78%
What
78%
I've
77%
Petty
76%
precise,
76%
Bold,
74%
dull
73%
potential,
73%
one?
7%
No matching quizzes found
Score Distribution
Percent of People with Each Score
Percentile by Number Answered
Your Score History
You have not taken this quiz